<?xml version="1.0" encoding="UTF-8"?>
<record
    xmlns:xsi="http://www.w3.org/2001/XMLSchema-instance"
    xsi:schemaLocation="http://www.loc.gov/MARC21/slim http://www.loc.gov/standards/marcxml/schema/MARC21slim.xsd"
    xmlns="http://www.loc.gov/MARC21/slim">

  <leader>01319nam2a22003011  4500</leader>
  <controlfield tag="001">v19\rc\1497681</controlfield>
  <controlfield tag="005">20250618161309.0</controlfield>
  <datafield tag="035" ind1=" " ind2=" ">
    <subfield code="a">(NLR Aleph) 004625611</subfield>
  </datafield>
  <datafield tag="090" ind1=" " ind2=" ">
    <subfield code="a">3098429</subfield>
    <subfield code="c">3098429</subfield>
  </datafield>
  <datafield tag="100" ind1=" " ind2=" ">
    <subfield code="a">20060620d1882    |||y0rusy50      ca</subfield>
  </datafield>
  <datafield tag="101" ind1="0" ind2=" ">
    <subfield code="a">rus</subfield>
  </datafield>
  <datafield tag="102" ind1=" " ind2=" ">
    <subfield code="a">RU</subfield>
  </datafield>
  <datafield tag="105" ind1=" " ind2=" ">
    <subfield code="a">y   z   |||||</subfield>
  </datafield>
  <datafield tag="200" ind1="1" ind2=" ">
    <subfield code="a">&#x41A;&#x430;&#x440;&#x434;&#x43D;&#x43E;&#x432;&#x430;&#x43D;&#x438;&#x435; &#x448;&#x435;&#x440;&#x441;&#x442;&#x438;]</subfield>
  </datafield>
  <datafield tag="210" ind1=" " ind2=" ">
    <subfield code="d">[1882]</subfield>
    <subfield code="a">&#x411;. &#x43C;.</subfield>
  </datafield>
  <datafield tag="215" ind1=" " ind2=" ">
    <subfield code="a">8 &#x441;.</subfield>
  </datafield>
  <datafield tag="311" ind1=" " ind2=" ">
    <subfield code="a">&#x41F;&#x440;&#x438;&#x43B;. &#x43A; &#x436;&#x443;&#x440;&#x43D;. ... 1882 &#x422;. 35 &#x2116; 7/8</subfield>
  </datafield>
  <datafield tag="316" ind1=" " ind2=" ">
    <subfield code="a">&#x42D;&#x43A;&#x437;. &#x420;&#x41D;&#x411; (18.156.2.34): &#x434;&#x435;&#x444;.: &#x43E;&#x442;&#x441;&#x443;&#x442;&#x441;&#x442;&#x432;&#x443;&#x435;&#x442; &#x442;&#x438;&#x442;. &#x43B;. &#x438; &#x43E;&#x431;&#x43B;.</subfield>
    <subfield code="5">NLR: 18.156.2.34</subfield>
  </datafield>
  <datafield tag="422" ind1=" " ind2="0">
    <subfield code="1">2001#$a&#x422;&#x435;&#x445;&#x43D;&#x438;&#x447;&#x435;&#x441;&#x43A;&#x438;&#x439; &#x441;&#x431;&#x43E;&#x440;&#x43D;&#x438;&#x43A;$v1882, &#x442;. 35, &#x2116; 7/8</subfield>
    <subfield code="t">&#x422;&#x435;&#x445;&#x43D;&#x438;&#x447;&#x435;&#x441;&#x43A;&#x438;&#x439; &#x441;&#x431;&#x43E;&#x440;&#x43D;&#x438;&#x43A;</subfield>
  </datafield>
  <datafield tag="461" ind1=" " ind2="0">
    <subfield code="1">001v19\rc\1497679</subfield>
    <subfield code="1">2001#$a&#x41F;&#x440;&#x44F;&#x434;&#x435;&#x43D;&#x438;&#x435; &#x43A;&#x430;&#x440;&#x434;&#x43D;&#x43E;&#x439; &#x448;&#x435;&#x440;&#x441;&#x442;&#x438;$f&#x421;&#x43E;&#x441;&#x442;. &#x41F;. &#x412;&#x43E;&#x43B;&#x43A;&#x43E;&#x432;. &#x427;. 1$v[&#x427;. 2</subfield>
    <subfield code="1">700#1$a&#x412;&#x43E;&#x43B;&#x43A;&#x43E;&#x432;$b&#x41F;.&#x41F;.$f-1911$g&#x41F;&#x430;&#x432;&#x435;&#x43B; &#x41F;&#x435;&#x442;&#x440;&#x43E;&#x432;&#x438;&#x447;$4220</subfield>
    <subfield code="9">3098406</subfield>
    <subfield code="a">&#x412;&#x43E;&#x43B;&#x43A;&#x43E;&#x432;, &#x41F;.&#x41F;. (-1911)</subfield>
    <subfield code="c">&#x421;&#x430;&#x43D;&#x43A;&#x442;-&#x41F;&#x435;&#x442;&#x435;&#x440;&#x431;&#x443;&#x440;&#x433;</subfield>
    <subfield code="d">1882</subfield>
    <subfield code="f">&#x421;&#x43E;&#x441;&#x442;. &#x41F;. &#x412;&#x43E;&#x43B;&#x43A;&#x43E;&#x432;. &#x427;. 1</subfield>
    <subfield code="n">&#x440;&#x435;&#x434;. &#x436;&#x443;&#x440;&#x43D;. "&#x422;&#x435;&#x445;&#x43D;. &#x441;&#x431;."</subfield>
    <subfield code="t">&#x41F;&#x440;&#x44F;&#x434;&#x435;&#x43D;&#x438;&#x435; &#x43A;&#x430;&#x440;&#x434;&#x43D;&#x43E;&#x439; &#x448;&#x435;&#x440;&#x441;&#x442;&#x438;</subfield>
    <subfield code="v">[&#x427;. 2</subfield>
  </datafield>
  <datafield tag="801" ind1=" " ind2="0">
    <subfield code="a">RU</subfield>
    <subfield code="b">NLR</subfield>
    <subfield code="g">psbo</subfield>
  </datafield>
  <datafield tag="801" ind1=" " ind2="0">
    <subfield code="a">RU</subfield>
    <subfield code="b">RuMoRGB</subfield>
    <subfield code="2">psbo</subfield>
  </datafield>
  <datafield tag="801" ind1=" " ind2="1">
    <subfield code="a">RU</subfield>
    <subfield code="b">ProSoft-M</subfield>
    <subfield code="2">rusmarc</subfield>
  </datafield>
  <datafield tag="852" ind1=" " ind2=" ">
    <subfield code="a">NLR</subfield>
    <subfield code="j">18.156.2.34</subfield>
  </datafield>
  <datafield tag="852" ind1=" " ind2=" ">
    <subfield code="a">NLR</subfield>
    <subfield code="j">2/1535</subfield>
  </datafield>
  <datafield tag="899" ind1=" " ind2=" ">
    <subfield code="a">&#x411;&#x410;&#x41D;</subfield>
  </datafield>
  <datafield tag="942" ind1=" " ind2=" ">
    <subfield code="c">BOOK</subfield>
  </datafield>
  <datafield tag="980" ind1=" " ind2=" ">
    <subfield code="a">NB</subfield>
  </datafield>
  <datafield tag="995" ind1=" " ind2=" ">
    <subfield code="5">2013-10-26</subfield>
    <subfield code="b">NLR02</subfield>
    <subfield code="c">NLR02</subfield>
    <subfield code="e">RFS</subfield>
    <subfield code="f">4625611-10</subfield>
    <subfield code="k">18.156.2.34</subfield>
    <subfield code="o">0</subfield>
    <subfield code="r">BOOK</subfield>
    <subfield code="s">18156234_</subfield>
  </datafield>
  <datafield tag="995" ind1=" " ind2=" ">
    <subfield code="5">2013-10-26</subfield>
    <subfield code="b">NLR01</subfield>
    <subfield code="c">NLR01</subfield>
    <subfield code="e">RJFS</subfield>
    <subfield code="f">4625611-20</subfield>
    <subfield code="k">2/1535</subfield>
    <subfield code="o">0</subfield>
    <subfield code="r">BOOK</subfield>
    <subfield code="s">21535_</subfield>
  </datafield>
  <datafield tag="995" ind1=" " ind2=" ">
    <subfield code="5">2013-10-26</subfield>
    <subfield code="b">NLR01</subfield>
    <subfield code="c">NLR01</subfield>
    <subfield code="e">TEMP</subfield>
    <subfield code="f">4625611-30</subfield>
    <subfield code="o">0</subfield>
    <subfield code="r">BOOK</subfield>
  </datafield>
</record>
